000 00603nam a2200229Ia 4500
003 OSt
005 20221007075608.0
006 a|||||r|||| 00| 0
007 ta
008 221006b |||||||| |||| 00| 0 eng d
024 _a17,744
037 _cTextual
040 _aFLL
_cFLL
_beng
041 _2eng
_aeng
082 _aY:45:61.2, M9
100 _aRaghavan R.K. Au.
_9694010
245 0 _aIndian police
260 _aNew Delhi
_bManohar publications India
_c1989
300 _a260p
_ccm.
942 _hY:45:61.2, M9
_cTEXL
_2CC
999 _c1156682
_d1156682